000 00932cab a22002055a 4500
001 L137470
008 070410s2006 xxk f 000 0 eng d
035 _a(Sirsi) u137470
041 0 _aeng
100 1 _aMistry, Yashmin
245 0 4 _aThe right to enfranchise
260 _c2006
490 _aNews on the Block
_v(30) 2006, 14-15(2)
520 _aExplains the role and function of Right to Enfranchise Companies and who might participate in them. Notes that the regulations to constitute them are not yet in place and suggests that there have been some difficulties in this process. In the interim any acquisition of the freehold will continue to be by nominee purchaser.
590 _aKA
650 2 4 _aCOMMONHOLD AND LEASEHOLD REFORM ACT 2002
651 4 _aUnited Kingdom
_y
690 _aPROPERTY-RESIDENTIAL PROPERTY-RESIDENTIAL LANDLORD AND TENANT-RESIDENTIAL LEASES-RESIDENTIAL LEASEHOLD ENFRANCHISEMENT
942 _n0
999 _c78619
_d78619